Statistiques concernant Culture Générale - Série 2490

Cliquez ici pour prendre le quiz!

Statistiques générales

  • Ce quiz a été pris 162 fois
  • Le résultat moyen est 6 sur 10

Statistiques - réponses

QuestionRéponse% Correct
Quel roi d'Athènes de la mythologie grecque a donné son nom à une mer ?Égée
98%
De quel oiseau dit-on qu'il est voleur ou bavard ?pie
98%
De quel pays le yuan est-il la devise monétaire ?Chine
95%
De quel fleuve l'Essonne est-il un affluent ?Seine
89%
Quelle ville de la Drôme est réputée pour sa clairette ?Die
67%
Quel est le chef-lieu du département des Hautes-Alpes ?Gap
64%
Dans quel pays se trouve la ville de Rovaniemi ?Finlande
39%
Qui a incarné Marie Pervenche à la télévision de 1984 à 1991 ? prénom et nom - voir photoDanièle Évenou
36%
Dans quel département se trouvent les lacs de la Forêt d'Orient ?Aube
13%
Quel prénom féminin est associé à la douceur ?Irma
10%

Distribution des résultats

Percentile par nombre de réponses

% des personnes avec chaque résultat

Votre développement - résultats

Vous n’avez pas pris ce quiz